000 01069nam a22002537a 4500
005 20170124103155.0
010 _aB-101693
020 _c300.00
_a8177830503
035 _aB-101693
037 _bCen Lib/Ret
040 _aDPL
_bHN
082 _a070
_bपचौरी
100 _aपचौरी, सुधीश
_989407
245 _aसायबर-स्पेस और मीडिया /
_cसुधीश पचौरी
246 _aCiber space aur media /
_bby Sudhesh Pachauri
260 _aनयी दिल्ली
_bप्रवीन प्रकाशन
_c2003
270 _bनयी दिल्ली
_a1/1079 ई, महरौली
_e110030
300 _a271पृ.
_c20सेमी(सजिल्द)
650 _aहिंदी पत्रकारिता
_91191
650 _aहिंदी पत्रकारिता-सायबर स्पेस
_989408
650 _aHindi journalism
_943511
650 _aHindi journalism-Cyber Space
_989409
942 _2ddc
_cHN
_h070
_mपचौरी
999 _c120265
_d120265